000 01718nam2a2200301 4500
001 RU\NLR\bibl\1924435
005 20260408075606.0
010 _a978-5-8021-1309-7
_9100
021 _aRU
_b2012-45842
_93372
035 _a(NLR Aleph) 001913856
090 _a3213147
_c3213147
100 _a20120713d2011 |||y0rusy50 ca
101 0 _arus
_ager
102 _aRU
105 _ay |||||||||
200 1 _aМатериалы международной научно-практической конференции "Культура, идентичность и права человека в историко-филологическом освещении" [25-26 сентября 2011 г.]
210 _d2011
_aБ. м.
215 _a245, [2] с.
300 _aТекст на рус. и нем. яз.
320 _aБиблиогр. в конце докл. и в подстроч. примеч.
461 0 _1001RU\NLR\bibl\1945002
_12001#$aПрофили$vВып. 2
_93477748
_cПетрозаводск
_d2011
_fФедер. гос. бюджет. образоват. учреждение высш. проф. образования Петрозавод. гос. ун-т
_nИзд-во ПетрГУ
_o[сборник]
_tПрофили
_vВып. 2
711 1 2 _a"Культура, идентичность и права человека в историко-филологическом освещении", международная научно-практическая конференция
_eПетрозаводск
_f2011
_9323918
_3RU\NLR\AUTH\8810219248
801 0 _aRU
_bNLR
_c20120713
_gRCR
801 1 _aRU
_bNLR
_c20120713
942 _cBOOK
980 _aNB